|
|
|
|
| LEADER |
01534nam a2200361Ia 4500 |
| 001 |
EBC3407722 |
| 003 |
MiAaPQ |
| 005 |
20200520144314.0 |
| 006 |
m o d | |
| 007 |
cr cn||||||||| |
| 008 |
041213s2006 nyu sb s001 0 eng d |
| 010 |
|
|
|z 2004029611
|
| 020 |
|
|
|z 0791465977 (hardcover : alk. paper)
|
| 020 |
|
|
|z 9780791465974
|
| 020 |
|
|
|z 9780791482582
|
| 035 |
|
|
|a (MiAaPQ)EBC3407722
|
| 035 |
|
|
|a (Au-PeEL)EBL3407722
|
| 035 |
|
|
|a (CaPaEBR)ebr10579145
|
| 035 |
|
|
|a (OCoLC)923407738
|
| 040 |
|
|
|a MiAaPQ
|c MiAaPQ
|d MiAaPQ
|
| 050 |
|
4 |
|a HC130.C63
|b R48 2006
|
| 100 |
1 |
|
|a Rhodes, Sybil,
|d 1969-
|
| 245 |
1 |
0 |
|a Social movements and free-market capitalism in Latin America
|h [electronic resource] :
|b telecommunications privatization and the rise of consumer protest /
|c Sybil Rhodes.
|
| 260 |
|
|
|a Albany :
|b State University of New York Press,
|c c2006.
|
| 300 |
|
|
|a xii, 228 p.
|
| 504 |
|
|
|a Includes bibliographical references (p. 193-214) and index.
|
| 533 |
|
|
|a Electronic reproduction. Ann Arbor, MI : ProQuest, 2015. Available via World Wide Web. Access may be limited to ProQuest affiliated libraries.
|
| 650 |
|
0 |
|a Consumer protection
|z Latin America
|x History
|y 20th century.
|
| 650 |
|
0 |
|a Protest movements
|z Latin America
|x History
|y 20th century.
|
| 650 |
|
0 |
|a Telecommunication
|x Privatization
|z Latin America
|x History
|y 20th century.
|
| 655 |
|
4 |
|a Electronic books.
|
| 710 |
2 |
|
|a ProQuest (Firm)
|
| 856 |
4 |
0 |
|u https://ebookcentral.proquest.com/lib/matrademy/detail.action?docID=3407722
|z Click to View
|